000 01152nam a22002295i 4500
001 164129
003 ES-MaACL
005 20250807210536.0
008 011030s1859 sp |||| | spa d
080 _a37.04-055.2
100 1 _aRufilanchas Lapeira, Gabino.
_9132167
245 1 0 _aDiscurso pronunciado ante el claustro de la Universidad Central :
_ben el acto solemne de recibir la investidura de doctor en la Facultad de Medicina y Cirugía /
_cpor Gabino Rufilanchas Lapeira.
260 _aMadrid :
_b[s.n.],
_c1859 (
_fImp. de Manuel Galiano)
300 _a20 p. ;
_c24 cm.
530 _aDisponible en formato digital.
594 _aTít. en antep.: ¿Cuál es la educación de la mujer más conforme a los destinos que la providencia la ha confiado?
650 4 _aMujeres-
_xEducación
_912094
710 2 _aUniversidad Central (Madrid).
_bFacultad de Medicina
_97093
852 4 _aES-MaACL
_jT-54-F-9
_z- Enc. hol.
_z- Enc. en un vol. facticio
_z- Dedicatoria autógrafa del autor
856 4 _uhttp://uvadoc.uva.es/handle/10324/22555
_zRepositorio Documental de la Universidad de Valladolid
999 _c164129
_d164129